Piłkarskie Derby w Polsce - Statystyki

Ogólne statystyki
  • Ten quiz został rozwiązany 84 razy
  • Średni wynik to 4 z 10
Statystyki odpowiedzi
Derby Kluby % Poprawnych
Warszawy Legia-Polonia
96%
Krakowa Wisła-Cracovia
92%
Łodzi Widzew-ŁKS
88%
Rzeszowa Resovia-Stal
51%
Polski Legia-Lech
40%
Górnego Śląska Górnik Zabrze-Ruch Chorzów
18%
Pomorza Lechia Gdańsk-Arka Gdynia
10%
Dolnego Śląska Zagłębie Lubin-Śląsk Wrocław
5%
Warmi i Mazur Stomil Olsztyn-Olimpia Elbląg
3%
Poznania Lech-Warta-Olimpia
0%
Nie znaleziono quizów pasujących do podanych kryteriów
Rozkład punktacji
Procent ludzi z każdym wynikiem
Percentyl według liczby udzielonych odpowiedzi
Twoja historia wyników
Nie rozwiązałeś tego quizu